000
00214nam a2200085Ia 4500
008
120527s9999 xx 000 0 und d
100
_a
Lernerm, R.
245
_a
Concepts and theories of human development
942
_c
BK
999
_c
27529
_d
27529